L'Eucharistie méditations pour chaque jour de l'année d'après le R. P. de Machault, de la Compagnie de Jésus

Detalles Bibliográficos
Autor principal: Machault, Jacques de 1599-1676
Otros Autores: Sagette, Jean m. 1823
Formato: Libro
Lenguaje:French
Publicado: Paris 1901
Edición:Nouvelle édition, revue et corrigée
Materias:
Colección:Banco de datos
Acervo:Biblioteca de la Congregación del Oratorio de San Felipe Neri de México. Iglesia La Profesa
Descripción Física:t. 17 cm.
Tema general:Ascética
Notas:Encuadernación en cartón con lomo en piel (2301, 3502). Ex libris manuscrito en la guarda anterior: "Manl. R. P. Diaz Santibañez ... ". Sello en tinta del Oratorio de San Felipe Neri de México. Biblioteca La Profesa, D.F. (2301, 3502). Daños en la encuadernación (3502). Testigo: impreso en la p. 435 (3502)
LEADER 01352nam a22002170004500
035 |a 1402 
041 0 |a fre 
100 1 |a Machault, Jacques de  |d 1599-1676 
245 1 0 |a L'Eucharistie méditations pour chaque jour de l'année d'après le R. P. de Machault, de la Compagnie de Jésus  |c par M. l'abbé J. Sagette, ancien professeur de Séminaire 
250 |a Nouvelle édition, revue et corrigée 
260 |a Paris  |b Victor Retaux, libraire-éditeur  |c 1901 
300 |a  t.  |c 17 cm. 
500 |a Encuadernación en cartón con lomo en piel (2301, 3502). Ex libris manuscrito en la guarda anterior: "Manl. R. P. Diaz Santibañez ... ". Sello en tinta del Oratorio de San Felipe Neri de México. Biblioteca La Profesa, D.F. (2301, 3502). Daños en la encuadernación (3502). Testigo: impreso en la p. 435 (3502)  
505 0 0 |a t. 1, v.1 L'avent- Le temps de Noel- L'épiphanie- La septuagésime.-- t. 3, v. 3 Depuis la Trinité jusqu'a la 13e semaine après la Pentecote  
504 |a Índice de contenido y catálogo de publicaciones en venta de la casa impresora 
650 1 0 |a Ascética 
700 1 |a Sagette, Jean  |d m. 1823 
949 |a Iglesia La Profesa, Biblioteca t. 1, v. 1 (3502); t. 3, v. 3 (2301) 
942 |c PROFESA 
943 |g Biblioteca de la Congregación del Oratorio de San Felipe Neri de México. Iglesia La Profesa 
999 |c 948213  |d 948213